LEADER 01123nam a2200265 i 4500 001 000000104874 003 CaOOAMICUS 005 20070508161447.0 008 070508s2006 nyu u000 u eng r 020 $z978-0-415-37067-7* 040 $aPUL$bita$dLDB 100 1 $aKenway, Jane.$0(OLS)http://pul/name/64450 245 10$aHunting the knowledge economy /$cJane Kenway.... [et al.]. 260 $aLondon ;$aNew York :$bRoutledge,$cc2006. 300 $axi,148 p. ;$c24cm 490 1 $aInternational library of sociology 504 $aBibliografia: p. [126]-141. 650 14$aEconomia$xTeorie.$0(OLS)http://pul/subject/18905 830 0$aInternational library of sociology.$0(OLS)http://pul/title/81002 850 $aPUL 852 $aPUL$W1$xSL Diritto e Scienze Sociali 3$y79$m338. 9 KENJA 1$j117456$qDDC 21$B117399$CPULBib$Z2$F117399 $H102681 $82 941 1 $a9 996 $6020$z978-0-415-37067-7*$9(OLS)http://pul/number/134244 996 $6245$aHunting the knowledge economy$9(OLS)http://pul/title/131910 996 $6260$aLondon ;$aNew York :$bRoutledge$9(OLS)http://pul/publisher/52469 LEADER 00764nam a2200205 u 4500 001 000000082187 003 CaOOAMICUS 005 20070226123833.0 008 050407s1958 it u000 u ita u 035 $a11038278 040 $aPUL(R)$bita 100 1 $aRops, Daniel.$0(OLS)http://pul/name/23821 245 10$aNotturni /$cDaniel Rops ; traduzione di Franca De Angelis. 260 $aFirenze :$bCentro Internazionale del Libro,$cstampa 1958. 300 $a182 p. ;$c21 cm 850 $aPUL 852 $aPUL$W1$xDP1 Fondo Cecchetti$y53$m260 U 4$j104762$nBK-PRI$b $qFondi$B104762$CPULBib$Z2$F104762 $82 941 1 $a1 996 $6245$aNotturni$9(OLS)http://pul/title/107439 996 $6260$aFirenze :$bCentro Internazionale del Libro$9(OLS)http://pul/publisher/76217